| 000 | 00871nam a22001577a 4500 | ||
|---|---|---|---|
| 999 |
_c63468 _d63468 |
||
| 003 | Ge_BSU | ||
| 005 | 20251015190542.0 | ||
| 008 | 251015s1974 ge ||||| |||| 00| 0 geo d | ||
| 041 | _ageo | ||
| 080 | _a63(479.22)(09) ს-32 | ||
| 245 |
_aსაქართველოს სოფლის მეურნეობის სოციალისტური რეკონსტრუქციის ისტორიიდან : _bკრ. 1 / _cივ. ჯავახიშვილის სახ. ისტორიის, არქეოლოგიისა და ეთნოგრაფიის ინ-ტი. |
||
| 264 |
_aთბ. : _bმეცნიერება, _c 1974. |
||
| 300 |
_a58გვ. ; _b22სმ. |
||
| 653 | _aსაქართველოს სოფლის მეურნეობის ისტორია. | ||
| 942 |
_2udc _cBK |
||